01544nam a2200277Ia 450000500170000000800410001702000150005805000230007310000350009624000640013124500790019526000300027430000190030433600100032333700140033333800120034750000680035950504760042751901130090365000470101670000380106370000310110194200120113295201050114499900170124920231102151526.0121101s1997 mx f 000 0 spa d a9688808296 aHD30.28 M5718 199710aMintzberg, HenryeAutor939278 aThe strategy process, concepts, contexts, cases lEspañol13aEl proceso estrategico b: conceptos, contextos y casosc/ Henry Mintzberg aMexico : bPearsonc1997  a641 páginas  aTexto aSin medio aVolumen aTraduccion de: The strategy process, concepts, contexts, cases 1 aContenido Sección I estrategia Capítulo 1 el concepto de estrategia Capítulo 2 el estratega Capítulo 3 diseño y planificación de la estrategia Capítulo 4 análisis de estrategia a nivel empresa Capítulo 5 formación de la estrategia Sección ii fundamentos de la formación de estrategias Capítulo 6 administración de la estructura y de los sistemas Capítulo 7 la cultura y la estrategia organizacional Capítulo 8 el poder y la política  aPlan FlexiblebMaestría Administración de NegocioscAdministración estratégica (B01-3)d(12 003642)14aPLANIFICACION ESTRATEGICAxESTUDIOS92336910aQuinn, James BrianeCoaut.93927910aVoyer, JohneCoaut.939280 cLB2lcc 00102lcc4070a12b12d2008-11-28l0oHD30.28 M5718 1997p12 003642r2015-04-22t1w2012-11-01yLB c88417d88417